| 000 | 00782nam a2200265 a 4500 | ||
|---|---|---|---|
| 001 | 546618 | ||
| 003 | OSt | ||
| 005 | 20230619094722.0 | ||
| 008 | 880527s1987 ke 000 0 eng | ||
| 010 | _a 87981438 | ||
| 020 | _a9966858059 : | ||
| 040 |
_aDLC _cDLC _dDLC |
||
| 043 | _af-ke--- | ||
| 082 | 0 | 0 |
_a170 _bMUR |
| 100 | 1 |
_aNjoya, Timothy Murere, _d1941- |
|
| 245 | 1 | 0 |
_aHuman dignity and national identity : _bessential for social ethnics / _cTimothy Murere Njoya. |
| 260 |
_aNairobi : _bJemisik Cultural Books, _c1987. |
||
| 300 |
_av, 217 p. ; _c21 cm. |
||
| 650 | 0 | _aDignity. | |
| 650 | 0 |
_aNationalism _zKenya. |
|
| 650 | 0 | _aSocial ethics. | |
| 906 |
_a7 _bcbc _corignew _d3 _encip _f19 _gy-gencatlg |
||
| 942 |
_2ddc _cBK |
||
| 999 |
_c1177 _d1177 |
||